[Event "BUL-chT"]
[Site "Plovdiv"]
[Date "2003.11.06"]
[Round "3"]
[White "Nikolov, Rosen"]
[Black "Georgiev, Biser"]
[Result "1/2-1/2"]
[WhiteElo "2152"]
[BlackElo "2273"]
[PlyCount "81"]
[EventDate "2003.11.??"]
[EventType "team"]
[EventRounds "9"]
[EventCountry "BUL"]
[SourceTitle "CBM 097 Extra"]
[Source "ChessBase"]
[SourceDate "2004.01.13"]
[SourceVersion "1"]
[SourceVersionDate "2004.01.13"]
[SourceQuality "1"]

1. e4 c5 2. Nf3 e6 3. d4 cxd4 4. Nxd4 Nf6 5. Bd3 Nc6 6. Nxc6 bxc6 7. 0-0 d5 8. Nd2 Be7 9. c4 0-0 10. b3 e5 11. exd5 cxd5 12. Bb2 e4 13. Bc2 dxc4 14. Nxc4 Bf5 15. Qxd8 Raxd8 16. Rad1 Bg6 17. Ne5 Rxd1 18. Rxd1 Rd8 19. Rxd8+ Bxd8 20. Nxg6 fxg6 21. Bd4 a5 22. Kf1 Kf7 23. Ke2 Ke6 24. h3 Kd5 25. Bc3 Bb6 26. a3 Bc5 27. Bxa5 Bxa3 28. Bc3 Bd6 29. g3 Be5 30. Bd2 Bd4 31. Bb1 Kc5 32. b4+ Kb5 33. Ba2 g5 34. Be6 h6 35. Bf7 Bb2 36. Ke3 Ba3 37. Bc3 Bxb4 38. Bxf6 gxf6 39. Kxe4 Be1 40. g4 Bxf2 41. Kf5 1/2-1/2

[Event "BUL-ch"]
[Site "Shumen"]
[Date "1997.??.??"]
[Round "1"]
[White "Jankov, Janko"]
[Black "Nikolov, Rosen"]
[Result "1-0"]
[WhiteElo "2285"]
[BlackElo "2100"]
[PlyCount "105"]
[EventDate "1997.??.??"]
[EventType "swiss"]
[EventRounds "8"]
[EventCountry "BUL"]
[SourceTitle "EXT 1998"]
[Source "ChessBase"]
[SourceDate "1997.11.17"]
[SourceVersion "1"]
[SourceVersionDate "1997.11.17"]
[SourceQuality "1"]

1. e4 c5 2. Nf3 e6 3. d4 cxd4 4. Nxd4 a6 5. Bd3 Nf6 6. 0-0 d6 7. c4 g6 8. Be3 Bg7 9. Nc3 0-0 10. Re1 b6 11. b4 Bb7 12. f3 Nbd7 13. Na4 Re8 14. Qd2 Rc8 15. Rac1 Bf8 16. Nb3 Bc6 17. Nc3 Bb7 18. Na4 Bc6 19. Nb2 Bb7 20. a3 d5 21. exd5 exd5 22. c5 bxc5 23. bxc5 Ne5 24. Bf1 Nc6 25. Na4 Rc7 26. Bf2 Rce7 27. Red1 Re5 28. Nd4 Nd7 29. Rb1 Qc8 30. Rdc1 Rh5 31. Qb2 Ba8 32. Nb6 Qd8 33. Nxa8 Qxa8 34. Qb7 Ncb8 35. Nc6 Nxc6 36. Bxa6 Na5 37. Qxa8 Rxa8 38. Bb5 Rc8 39. c6 Nc4 40. a4 Na3 41. Rb3 Nc4 42. Bg3 Bc5+ 43. Kh1 Na5 44. Rbc3 Bd4 45. Rd3 Be5 46. Rxd5 Bxg3 47. Rxh5 Bf4 48. Rhc5 Nb3 49. R1c4 Rd8 50. g3 Nbxc5 51. Rxf4 Ra8 52. Rc4 Ne6 53. c7 1-0

[Event "BUL-ch"]
[Site "Shumen"]
[Date "1997.??.??"]
[Round "6"]
[White "Nikolov, Rosen"]
[Black "Andonov, Bogomil"]
[Result "0-1"]
[WhiteElo "2100"]
[BlackElo "2405"]
[PlyCount "98"]
[EventDate "1997.??.??"]
[EventType "swiss"]
[EventRounds "8"]
[EventCountry "BUL"]
[SourceTitle "EXT 1998"]
[Source "ChessBase"]
[SourceDate "1997.11.17"]
[SourceVersion "1"]
[SourceVersionDate "1997.11.17"]
[SourceQuality "1"]

1. e4 c5 2. Nc3 e6 3. g3 d5 4. d3 Nf6 5. Bg2 Nc6 6. exd5 exd5 7. Bg5 Be7 8. Nge2 d4 9. Bxf6 Bxf6 10. Nd5 Be5 11. Qd2 0-0 12. 0-0 g6 13. a3 f5 14. b4 Be6 15. Ndf4 Bf7 16. h4 h6 17. Nh3 Kg7 18. bxc5 Qe7 19. Rab1 Rab8 20. Rb5 a6 21. Rb6 Bc7 22. Rb2 Qxc5 23. a4 Be5 24. Rfb1 b5 25. axb5 Rxb5 26. Rxb5 axb5 27. Nhf4 Ra8 28. Nc1 Rc8 29. Nfe2 Ne7 30. Qb4 Qxb4 31. Rxb4 Rxc2 32. Rxb5 Bf6 33. Bf3 g5 34. hxg5 hxg5 35. g4 f4 36. Nb3 Bxb3 37. Rxb3 Ng6 38. Rb4 Nh4 39. Rb7+ Kf8 40. Bd5 Be5 41. Kf1 Rc5 42. Bc4 Ra5 43. Rb1 Nf3 44. Rc1 Nh2+ 45. Ke1 Nxg4 46. Be6 Nh2 47. Ng1 f3 48. Bb3 g4 49. Be6 Bf4 0-1

[Event "BUL-ch"]
[Site "Shumen"]
[Date "1997.??.??"]
[Round "5"]
[White "Serafimov, Dimitar"]
[Black "Nikolov, Rosen"]
[Result "0-1"]
[WhiteElo "2270"]
[BlackElo "2100"]
[PlyCount "77"]
[EventDate "1997.??.??"]
[EventType "swiss"]
[EventRounds "8"]
[EventCountry "BUL"]
[SourceTitle "EXT 1998"]
[Source "ChessBase"]
[SourceDate "1997.11.17"]
[SourceVersion "1"]
[SourceVersionDate "1997.11.17"]
[SourceQuality "1"]

1. c4 g6 2. g3 Bg7 3. Nc3 Nc6 4. e3 d6 5. Nge2 h5 6. h4 Bg4 7. d3 Qd7 8. Rb1 Nf6 9. b4 a6 10. Bd2 0-0 11. Nd5 Rab8 12. a4 e5 13. Nxf6+ Bxf6 14. Qb3 Ne7 15. Bg2 c6 16. Nc3 Rbd8 17. Ne4 Bg7 18. b5 axb5 19. axb5 Ra8 20. 0-0 Rfd8 21. Rfc1 Bh3 22. Ra1 Bxg2 23. Kxg2 Re8 24. b6 f5 25. c5+ d5 26. Nd6 Rf8 27. Rxa8 Rxa8 28. f4 Nc8 29. Nxc8 Rxc8 30. Bc3 exf4 31. exf4 Re8 32. Kf2 Qe7 33. Be5 Bxe5 34. fxe5 Qxe5 35. Qc2 f4 36. Kg2 Qe3 37. gxf4 Qxf4 38. Rf1 Qd4 39. Kh2 0-1